Nommez les 30 premiers nombres premiers - le dernier est 113 - Statistiques

Statistiques générales
  • Ce quiz a été pris 148 fois
  • Le résultat moyen est 29 sur 30
Statistiques - réponses
Réponse % Correct
7
100%
11
99%
13
99%
17
99%
2
99%
3
99%
5
99%
19
98%
23
98%
31
97%
43
97%
29
96%
37
96%
41
95%
47
95%
53
94%
59
94%
61
94%
67
94%
71
94%
73
94%
79
93%
83
93%
113
92%
89
92%
101
91%
103
90%
107
90%
97
90%
109
89%
Aucun quiz correspondant
Distribution des résultats
% des personnes avec chaque résultat
Percentile par nombre de réponses
Votre historique - résultats
Vous n’avez pas pris ce quiz